MARC details
| 000 -LEADER |
| fixed length control field |
01147nam a2200301#a 4500 |
| 001 - CONTROL NUMBER |
| control field |
01102 |
| 003 - CONTROL NUMBER IDENTIFIER |
| control field |
HDC |
| 007 - PHYSICAL DESCRIPTION FIXED FIELD--GENERAL INFORMATION |
| fixed length control field |
ta |
| 008 - FIXED-LENGTH DATA ELEMENTS--GENERAL INFORMATION |
| fixed length control field |
230623s1988 xx 000 0 eng d |
| 020 ## - INTERNATIONAL STANDARD BOOK NUMBER |
| International Standard Book Number |
0521369282 (pbk.). |
| 040 ## - CATALOGING SOURCE |
| Original cataloging agency |
HDC |
| 050 ## - LIBRARY OF CONGRESS CALL NUMBER |
| Classification number |
TX 553 |
| Item number |
.A3 W67a 1998 |
| 110 ## - MAIN ENTRY--CORPORATE NAME |
| Corporate name or jurisdiction name as entry element |
Joint FAO/WHO Expert Committee on Food Additives. |
| Subordinate unit |
Meeting |
| Location of meeting |
Geneva, Switzerland)" |
| Date of meeting or treaty signing |
1987 : |
| 245 #0 - TITLE STATEMENT |
| Title |
Toxicological evaluation of certain food additives / |
| Statement of responsibility, etc. |
prepared by the 31st Meeting of the Joint FAO/WHO Expert Committee on Food Additives, Geneva, 16-25 February 1987. |
| 264 ## - PRODUCTION, PUBLICATION, DISTRIBUTION, MANUFACTURE, AND COPYRIGHT NOTICE |
| Place of production, publication, distribution, manufacture |
Cambridge |
| Name of producer, publisher, distributor, manufacturer |
Cambridge University Press, |
| Date of production, publication, distribution, manufacture, or copyright notice |
1988 |
| 264 ## - PRODUCTION, PUBLICATION, DISTRIBUTION, MANUFACTURE, AND COPYRIGHT NOTICE |
| Place of production, publication, distribution, manufacture |
New York : |
| 300 ## - PHYSICAL DESCRIPTION |
| Extent |
182 p. ; |
| Dimensions |
23cm. |
| 440 ## - SERIES STATEMENT/ADDED ENTRY--TITLE |
| Title |
WHO food additives series ; |
| 500 ## - GENERAL NOTE |
| General note |
IPCS, International Programme on Chemical Safety--Cover. |
| -- |
Published on behalf of the World Health Organization. |
| 504 ## - BIBLIOGRAPHY, ETC. NOTE |
| Bibliography, etc. note |
Includes bibliographies. |
| 650 ## - SUBJECT ADDED ENTRY--TOPICAL TERM |
| Topical term or geographic name entry element |
Food additives |
| General subdivision |
Toxicology |
| -- |
Measurement |
| Form subdivision |
Congresses. |
| 710 ## - ADDED ENTRY--CORPORATE NAME |
| Corporate name or jurisdiction name as entry element |
International program on Chemical Safety. |
| 710 ## - ADDED ENTRY--CORPORATE NAME |
| Corporate name or jurisdiction name as entry element |
World Health Organization. |
| 942 ## - ADDED ENTRY ELEMENTS (KOHA) |
| Source of classification or shelving scheme |
Library of Congress Classification |
| 942 ## - ADDED ENTRY ELEMENTS (KOHA) |
| Koha item type |
Book |
| 942 ## - ADDED ENTRY ELEMENTS (KOHA) |
| Call number prefix |
TX 553 |
| 942 ## - ADDED ENTRY ELEMENTS (KOHA) |
| Call number suffix |
.A3 W67a 1998 |